000 00984nam a22002537a 4500
005 20240530110608.0
008 160514s2013 ua a g b 000 0 ara d
017 _a2013/1777
_bمصر . دار الكتب المصرية
020 _a9789773505011
040 _aEG-CaGPL
082 0 4 _221
_a658.31242\
_bح ت
100 0 _aحسين التهامى .
245 1 2 _aالتفكير الابداعى و سيكولوجية القيادة و التعامل مع الاخرين فى العملية الادارية /
_cحسين التهامى .
250 _aط.1
260 _aالقاهرة :
_bدار الكتاب الحديث ،
_c2013 .
300 _a176 ص ؛
_c24 سم .
490 0 _aالسلوك التنظيمى فى الادارة .
504 _aبليوجرافية : ص 167 - 171
650 0 4 _aالتفكير .
650 0 4 _aالابداع .
650 0 4 _aعلم النفس الادارى .
942 _2ddc
_cBK
999 _c62792
_d62792